000 00867nam a2200217 a 4500
003 0
005 20250422105301.0
008 030520s19uu xx 00 eng d
050 _aPGS RL 85
_b.P221 2003
100 _aPar, Argyll Caezar O.
245 _aThe relationship of food and pimple growth as perceived by grade 6 students of Southville International School (School Year 2002-2003) /
_cArgyll Caezar O. Par.
260 _aLas PiƱas City, Philippines :
_bSouthville International School and Colleges,
_c2003.
300 _a36 pages :
_billustrations ;
_c28 cm.
504 _aIncludes bibliographical references.
650 _aAcne
_vEtiology.
650 _aAcne
_vDiet therapy.
650 _aSkin
_vDiseases
_vNutritional aspects.
650 _aEating habits
_vHealth aspects.
650 _aDiet and nutrition
_vPsychological aspects.
942 _2lcc
_cPASS
999 _c96907
_d96907